| 000 | 00588nam a22001697a 4500 | ||
|---|---|---|---|
| 003 | NUST | ||
| 038 | _aNusrat Nadeem | ||
| 082 | _a200 | ||
| 100 |
_aWaqar Ul Shams _9125652 |
||
| 245 |
_aDETERMINING THE AWARENESS ABOUT THE HARASSMENT LAWS IN PUBLIC HOSPITALS OF ISLAMABAD: PERCEPTIONS OF FEMALE DOCTORS/ _cWaqar Ul Shams |
||
| 264 |
_aIslamabad; _bS3H NUST; _c2024. |
||
| 300 |
_a106,p; _bill; _c30,cm. |
||
| 650 |
_aMS-Development Studies _9123041 |
||
| 700 |
_aSupervisor: Dr. Arslan Waheed _9123052 |
||
| 856 | _uhttp://10.250.8.41:8080/xmlui/handle/123456789/46291 | ||
| 942 |
_2ddc _cSC |
||
| 999 |
_c611374 _d611374 |
||